| 000 | 00593nam a22001697a 4500 | ||
|---|---|---|---|
| 003 | NUST | ||
| 038 | _aNusrat Nadeem | ||
| 082 | _a200 | ||
| 100 |
_aKhaliq, Aminah Abdul _9125648 |
||
| 245 |
_aImplementation of Urdu Adapted Version of Coping Cat – “بہادر بلی” in School Setting/ _cAminah Abdul Khaliq, |
||
| 264 |
_aIslamabad; _bS3H NUST; _c2024. |
||
| 300 |
_a171,p; _bill; _c30,cm. |
||
| 650 |
_aMS- Clinical Psychology _9125310 |
||
| 700 |
_aSupervisor: Dr. Tamkeen Ashraf Malik _9114379 |
||
| 856 | _u http://10.250.8.41:8080/xmlui/handle/123456789/46282 | ||
| 942 |
_2ddc _cSC |
||
| 999 |
_c611371 _d611371 |
||